مصر في الحرب العالمية الثانية 1939-1945 (Record no. 11610)

MARC details
000 -LEADER
fixed length control field 00785nam a22002057a 4500
003 - CONTROL NUMBER IDENTIFIER
control field OSt
005 - DATE AND TIME OF LATEST TRANSACTION
control field 20161110121701.0
008 - FIXED-LENGTH DATA ELEMENTS--GENERAL INFORMATION
fixed length control field 161109b xxu||||| |||| 00| 0 eng d
040 ## - CATALOGING SOURCE
Original cataloging agency NVIC
Transcribing agency NVIC
100 ## - MAIN ENTRY--PERSONAL NAME
Personal name عاصم الدسوقي
245 1# - TITLE STATEMENT
Title مصر في الحرب العالمية الثانية 1939-1945
250 ## - EDITION STATEMENT
Edition statement الطبعة الثانية
260 ## - PUBLICATION, DISTRIBUTION, ETC. (IMPRINT)
Place of publication, distribution, etc. القاهرة:
Name of publisher, distributor, etc. دار الكتاب الجامعي،
Date of publication, distribution, etc. 1982
300 ## - PHYSICAL DESCRIPTION
Extent 334 ص،
Dimensions 24 سم
650 ## - SUBJECT ADDED ENTRY--TOPICAL TERM
Topical term or geographic name as entry element السياسة
Form subdivision الحرب العالمية الثانية
General subdivision تيارات فكرية
Chronological subdivision القرن العشرون
Geographic subdivision مصر
650 ## - SUBJECT ADDED ENTRY--TOPICAL TERM
Topical term or geographic name as entry element التاريخ
Form subdivision أوضاع سياسية
General subdivision أوضاع إقتصادية
Geographic subdivision مصر
650 ## - SUBJECT ADDED ENTRY--TOPICAL TERM
Topical term or geographic name as entry element الموقف الإنجليزي
902 ## - LOCAL DATA ELEMENT B, LDB (RLIN)
a E 664
942 ## - ADDED ENTRY ELEMENTS (KOHA)
Source of classification or shelving scheme Dewey Decimal Classification
Koha item type Books
Call number prefix E 664
Holdings
Withdrawn status Lost status Source of classification or shelving scheme Damaged status Not for loan Home library Current library Shelving location Date acquired Total Checkouts Full call number Barcode Date last seen Date last checked out Price effective from Koha item type
    Dewey Decimal Classification     Netherlands-Flemish Institute in Cairo (NVIC) Library Netherlands-Flemish Institute in Cairo (NVIC) Library Main Library - 0.01 11/09/2016 2 E 664 E 664 11/16/2016 11/16/2016 08/29/2015 Books